Klíčové otázky transformačního procesu a politicko-sociálního konsensu.

Skúmanie desiatich kľúčových otázok transformačného procesu, určenie toho, čo je nevyhnutným atribútom radikálnych reforiem a čo treba modifikovať. Rýchlosť realizácie reformy. Reštrikcia verzus expanzívna politika. Úloha štátu. Sociálne aspekty trhovej ekonomiky. Finančná sféra. Úloha ekonomickej i...

Descripción completa

Guardado en:
Detalles Bibliográficos
Autor principal: Zima, Z.
Formato: Capítulo de libro
Lenguaje:checo
Materias:
Etiquetas: Agregar Etiqueta
Sin Etiquetas, Sea el primero en etiquetar este registro!

MARC

LEADER 00000naa a2200000 4500
001 r009702
005 20220831084641.2
041 0 |a cze 
044 |a [CS] 
245 1 0 |a Klíčové otázky transformačního procesu a politicko-sociálního konsensu.  |c Z. Zima 
520 |a Skúmanie desiatich kľúčových otázok transformačného procesu, určenie toho, čo je nevyhnutným atribútom radikálnych reforiem a čo treba modifikovať. Rýchlosť realizácie reformy. Reštrikcia verzus expanzívna politika. Úloha štátu. Sociálne aspekty trhovej ekonomiky. Finančná sféra. Úloha ekonomickej infraštruktúry. Formy a postup privatizácie. Úloha zahraničného kapitálu. Vnútropolitické a medzinárodné politické predpoklady. 
610 2 0 |a transformácia 
610 2 0 |a reformy hospodárske 
610 2 0 |a politika sociálna 
610 2 0 |a štát 
610 2 0 |a hospodárstvo trhové 
610 2 0 |a financie 
610 2 0 |a infraštruktúra 
610 2 0 |a privatizácia 
610 2 0 |a kapitál zahraničný 
610 2 0 |a vzťah politiky a ekonomiky 
100 1 |a Zima, Z.